|
|
|
|
| LEADER |
01679cas a2200265 a 4500 |
| 001 |
AALejournalIMF014452 |
| 008 |
230101c9999 xx r poo 0 0eng d |
| 020 |
|
|
|c 5.00 USD
|
| 020 |
|
|
|z 9781498357999
|
| 022 |
|
|
|a 1018-5941
|
| 040 |
|
|
|a BD-DhAAL
|c BD-DhAAL
|
| 100 |
1 |
|
|a Batini, Nicoletta.
|
| 245 |
1 |
2 |
|a A Simple Method to Compute Fiscal Multipliers /
|c Nicoletta Batini, Luc Eyraud, Anke Weber.
|
| 264 |
|
1 |
|a Washington, D.C. :
|b International Monetary Fund,
|c 2014.
|
| 300 |
|
|
|a 1 online resource (33 pages)
|
| 490 |
1 |
|
|a IMF Working Papers
|
| 500 |
|
|
|a <strong>Off-Campus Access:</strong> No User ID or Password Required
|
| 500 |
|
|
|a <strong>On-Campus Access:</strong> No User ID or Password Required
|
| 506 |
|
|
|a Electronic access restricted to authorized BRAC University faculty, staff and students
|
| 520 |
3 |
|
|a Fiscal multipliers are important tools for macroeconomic projections and policy design. In many countries, little is known about the size of multipliers, as data availability limits the scope for empirical research. For these countries, we propose a simple method-dubbed the 'bucket approach'-to come up with reasonable multiplier estimates. The approach bunches countries into groups (or 'buckets') with similar multiplier values, based on their characteristics. It also takes into account the effect of some temporary factors, such as the state of the business cycle.
|
| 538 |
|
|
|a Mode of access: Internet
|
| 700 |
1 |
|
|a Eyraud, Luc.
|
| 700 |
1 |
|
|a Weber, Anke.
|
| 830 |
|
0 |
|a IMF Working Papers; Working Paper ;
|v No. 2014/093
|
| 856 |
4 |
0 |
|z Full text available on IMF
|u http://elibrary.imf.org/view/journals/001/2014/093/001.2014.issue-093-en.xml
|z IMF e-Library
|